000 01289cam a22001934a 4500
005 20250605163320.0
008 250528s ||||||||||||||||||||||||d
035 _a16716
020 _a471254584
040 _aGR-AtMCL
_bgre
_dGR-AtMCL
_eAACR2
245 1 _aHandbook of Counselling Psychology / Third Edition
250 _a3rd
260 _bJohn Wiley & Sons, Ltd,
_c2000
300 _a868
520 _aThe Bestselling Reference on Counselling Psychology in Clinical and Educational Settings. Professional and Scientific Issues, Psychotherapy Supervision and Training, Advances in Psychometric Theory and Methods, Qualitative Research for Counselling Psychology, Career and Educational and Psychological Development, Advances in Vocational Psychology Theory and Research, Advances in Theory and Research on Subjective Well-Being, Role of Race and Social Class in Development: Implications for Counselling Psychology, Preventive and Developmental Interventions, Preventive Interventions with School-Age Youth, Prevention and Development in the Workplace, Counselling Interventions, Gender Issues in Counselling, The Process of Individual Therapy, Processes and Outcomes in Couples and Family Therapy, Author and Subject Index.
942 _cBK
999 _c2189
_d2189